• 首页
  • 本馆介绍
  • 公告通知
  • 最新文献
  • 馆藏检索
  • 电子资源
  • 读者导购
  • 参考咨询
  • 我的图书馆
  • 登录
  • 详细信息显示
  • 放入我的书架
  • 预约/预借图书
  • 作者相关作品
  • 分类相关作品
  • 丛书相关作品
  • 出版社相关作品

书目信息

  • 表格格式
  • 工作单格式
  • 卡片格式
题名:
国学研究
    
 
作者: 杨耕 主编
分册:  
出版信息: 北京   北京师范大学出版社  2016
页数: 328页
开本: 23cm
丛书名:
单 册:
中图分类: Z126.27
科图分类:
主题词: 国学--guo xue--中国--文集
电子资源:
ISBN: 978-7-303-19961-7
000 01012nam0 22002651 450
001 1755140410
005 20170602161319.0
010    @a978-7-303-19961-7@dCNY58.00
100    @a20160919d2016 em y0chiy50 ea
101 0  @achi
102    @aCN@b110000
105    @ay z 000yy
106    @ar
200 1  @a国学研究@Aguo xue yan jiu@e传统与新知@dStudies on Chinese classics@etradition and new knowledge@f杨耕主编@zeng
210    @a北京@c北京师范大学出版社@d2016
215    @a328页@d23cm
300    @a教育部名刊名栏优秀论文选萃 第一辑
330    @a本书收录了《叠加与凝固——重思中国文化史的重心与主轴》《中华文明的开放性和包容性》《水与中国历史——第21届国际历史科学大会开幕式的基调报告》等文章。
510 1  @aStudies on Chinese classics@etradition and new knowledge@zeng
517 1  @a传统与新知@Achuan tong yu xin zhi
606 0  @a国学@Aguo xue@y中国@j文集
690    @aZ126.27@v5
701  0 @a杨耕@Ayang geng@f(1956~)@4主编
801  0 @aCN@bTANGWEI@c20170602
905    @b0972192-4@dZ126.27@e129@f3
    
    国学研究:传统与新知=Studies on Chinese classics:tradition and new knowledge/杨耕主编.-北京:北京师范大学出版社,2016
    328页;23cm
    教育部名刊名栏优秀论文选萃 第一辑
    
    ISBN 978-7-303-19961-7:CNY58.00
    本书收录了《叠加与凝固——重思中国文化史的重心与主轴》《中华文明的开放性和包容性》《水与中国历史——第21届国际历史科学大会开幕式的基调报告》等文章。
●
相关链接 在E读中查询图书 在五车中查询图书 在当当中查询图书 在豆瓣中查询图书


正题名:国学研究     索取号:Z126.27/129         预约/预借

序号 登录号 条形码 馆藏地/架位号 状态 备注
1 0972192   209721924   第二样本阅览室/ [索取号:Z126.27/129] 在馆    
2 0972193   209721933   第三借阅区/ [索取号:Z126.27/129] 在馆    
3 0972194   209721942   第三借阅区/ [索取号:Z126.27/129] 在馆    
唐山师范学院图书馆 欢迎您!
大连网信软件有限公司© 版权所有